[Event "Campeonato Panamericano U20 Femenino El Salvador 2015"]
[Site "Palacio de los Deportes, Federacion Salvadoreña de Ajedrez"]
[Date "2015.07.16"]
[Round "1"]
[Board "1"]
[White "Natareno, Elvia"]
[Black "Eswaran, Ashritha"]
[Result "0-1"]
[WhiteElo "1675"]
[BlackElo "2095"]
[PlyCount "90"]
[EventDate "2015.07.16"]
[EventRounds "9"]
[EventCountry "ESA"]

1. d4 Nf6 2. c4 e6 3. Nc3 Bb4 4. Nf3 c5 5. Bg5 cxd4 6. Qxd4 Nc6 7. Qd3 b6 8. a3
Be7 9. Nb5 O-O 10. e3 d5 11. Rc1 Bb7 12. cxd5 Nxd5 13. Bxe7 Qxe7 14. e4 Nf4 15.
Qd6 Qf6 16. e5 Qf5 17. Nbd4 Qe4+ 18. Be2 Nxd4 19. Nxd4 Rfd8 20. f3 Qxd4 21.
Qxd4 Rxd4 22. Rc7 Rb8 23. Kf1 Ba6 24. Bxa6 Rd1+ 25. Kf2 Rxh1 26. h3 Rb1 27.
Rxa7 Rxb2+ 28. Kg3 g5 29. Bf1 Rd8 30. h4 h6 31. hxg5 hxg5 32. Kg4 Nxg2 33. Kxg5
Ne3 34. Bh3 Rh2 35. Bg4 Nxg4 36. fxg4 Kg7 37. Rb7 Rd4 38. Rxb6 Rg2 39. Kh4
Rdxg4+ 40. Kh3 R4g3+ 41. Kh4 Rg6 42. Kh3 R2g5 43. Kh4 Rg1 44. Rb3 Rh1+ 45. Rh3
Rh6+  0-1

[Event "Campeonato Panamericano U20 Femenino El Salvador 2015"]
[Site "Palacio de los Deportes, Federacion Salvadoreña de Ajedrez"]
[Date "2015.07.16"]
[Round "1"]
[Board "2"]
[White "Gutierrez Espinosa, Karen"]
[Black "Ortez, Andrea"]
[Result "1-0"]
[WhiteElo "2078"]
[BlackElo "1671"]
[PlyCount "75"]
[EventDate "2015.07.16"]
[EventRounds "9"]
[EventCountry "ESA"]

1. e4 c5 2. Nf3 d6 3. d4 cxd4 4. Nxd4 Nf6 5. Nc3 g6 6. Be3 Bg7 7. f3 Nc6 8. Qd2
O-O 9. Bc4 Bd7 10. h4 h5 11. O-O-O Rc8 12. Bb3 Ne5 13. Kb1 Nc4 14. Bxc4 Rxc4
15. g4 Re8 16. gxh5 Nxh5 17. Rdg1 b5 18. Nde2 Qa5 19. Bd4 Rec8 20. Bxg7 Kxg7
21. Rg5 R8c5 22. e5 Be6 23. Rhg1 Rxe5 24. Nd4 Bc8 25. f4 Rxg5 26. Rxg5 Qc7 27.
f5 Rc5 28. fxg6 Rxg5 29. Qxg5 fxg6 30. Ndxb5 Qb7 31. b3 Bf5 32. Nd4 e6 33. Qd8
Qh1+ 34. Kb2 Qh2 35. Qe7+ Kh6 36. Nce2 a6 37. Qf8+ Kh7 38. Nf3  1-0

[Event "Campeonato Panamericano U20 Femenino El Salvador 2015"]
[Site "Palacio de los Deportes, Federacion Salvadoreña de Ajedrez"]
[Date "2015.07.16"]
[Round "1"]
[Board "3"]
[White "De Leon, Stephanie"]
[Black "Jorquera Cabello, Valentina"]
[Result "0-1"]
[WhiteElo "1654"]
[BlackElo "2005"]
[PlyCount "56"]
[EventDate "2015.07.16"]
[EventRounds "9"]
[EventCountry "ESA"]

1. e4 c5 2. Nc3 d6 3. g3 Nc6 4. Bg2 g6 5. f4 Bg7 6. Nf3 e6 7. O-O Nge7 8. d3
Nd4 9. Ne2 Nec6 10. c3 Nxf3+ 11. Bxf3 O-O 12. Kh1 Rb8 13. g4 f5 14. exf5 exf5
15. Qb3+ Kh8 16. Bxc6 Qe7 17. Ng3 bxc6 18. Qxb8 Be6 19. Qxf8+ Bxf8 20. g5 c4
21. d4 c5 22. Kg1 cxd4 23. cxd4 Bd5 24. h4 Bg7 25. Rd1 Bf3 26. Rf1 Bxd4+ 27.
Kh2 Ba8 28. Bd2 Qb7  0-1

[Event "Campeonato Panamericano U20 Femenino El Salvador 2015"]
[Site "Palacio de los Deportes, Federacion Salvadoreña de Ajedrez"]
[Date "2015.07.16"]
[Round "1"]
[Board "4"]
[White "Vazquez Maccarini, Danitza"]
[Black "Villalobos, Alejandra"]
[Result "1-0"]
[WhiteElo "1948"]
[BlackElo "1622"]
[PlyCount "49"]
[EventDate "2015.07.16"]
[EventRounds "9"]
[EventCountry "ESA"]

1. e4 d5 2. exd5 Qxd5 3. Nc3 Qa5 4. d4 Nf6 5. Nf3 Bf5 6. Bc4 c6 7. Qe2 e6 8.
Bd2 Qd8 9. Ne5 Qxd4 10. O-O-O Ne4 11. Bg5 Nxc3 12. bxc3 Ba3+ 13. Kb1 Qb6+ 14.
Bb3 O-O 15. g4 a5 16. gxf5 a4 17. fxe6 axb3 18. exf7+ Kh8 19. cxb3 c5 20. Be7
c4 21. b4 Na6 22. Bxf8 Rxf8 23. Nxc4 Qg6+ 24. Qc2 Qxf7 25. Nxa3  1-0

[Event "Campeonato Panamericano U20 Femenino El Salvador 2015"]
[Site "Palacio de los Deportes, Federacion Salvadoreña de Ajedrez"]
[Date "2015.07.16"]
[Round "1"]
[Board "5"]
[White "Palacios, Celina"]
[Black "Parkhurst Casas, Miriam"]
[Result "0-1"]
[WhiteElo "1617"]
[BlackElo "1869"]
[PlyCount "108"]
[EventDate "2015.07.16"]
[EventRounds "9"]
[EventCountry "ESA"]

1. e4 e5 2. Bc4 Nf6 3. d3 c6 4. Bb3 Bc5 5. Nf3 d6 6. h3 b5 7. c3 Bb6 8. O-O O-O
9. Re1 Nbd7 10. d4 h6 11. Nbd2 Re8 12. Qc2 Nh5 13. Nf1 Ndf6 14. Be3 c5 15. dxc5
dxc5 16. Rad1 Qc7 17. c4 Bb7 18. Bc1 a6 19. Nh4 Rad8 20. Rxd8 Rxd8 21. Nf5 b4
22. N1g3 Nf4 23. Bxf4 exf4 24. e5 Re8 25. Nxg7 Rxe5 26. Rxe5 Qxe5 27. N3f5 f3
28. Qd2 Be4 29. Bc2 Bc7 30. g3 Bxc2 31. Qxc2 Qe1+ 32. Kh2 Qe2 33. Ne3 Kxg7 34.
Nf5+ Kf8 35. Ne3 Qxc2 36. Nxc2 Be5 37. b3 Bd4 38. Ne1 Bxf2 39. Nxf3 Ne4 40. g4
Ke7 41. Ne5 Bg3+ 42. Kg2 Bxe5 43. Kf3 Ng5+ 44. Kg2 Nxh3 45. Kxh3 Kf6 46. Kg2
Kg5 47. Kf3 Bf4 48. Kg2 Kxg4 49. Kh1 h5 50. Kg1 Kg3 51. Kh1 Be3 52. a3 bxa3 53.
b4 a2 54. bxc5 a1=Q#  0-1

[Event "Campeonato Panamericano U20 Femenino El Salvador 2015"]
[Site "Palacio de los Deportes, Federacion Salvadoreña de Ajedrez"]
[Date "2015.07.16"]
[Round "1"]
[Board "6"]
[White "Librelato, Kathie Goulart"]
[Black "Castro, Venus Sabrina"]
[Result "1-0"]
[WhiteElo "1842"]
[BlackElo "1556"]
[PlyCount "61"]
[EventDate "2015.07.16"]
[EventRounds "9"]
[EventCountry "ESA"]

1. e4 c5 2. Nf3 d6 3. d4 cxd4 4. Nxd4 Nf6 5. Nc3 a6 6. Bg5 e6 7. f4 Be7 8. Qf3
Qc7 9. O-O-O Nbd7 10. Bd3 b5 11. Rhe1 Bb7 12. Qg3 b4 13. Nd5 exd5 14. exd5 Bxd5
15. Nf5 Be6 16. Nxe7 Kxe7 17. f5 Ne5 18. fxe6 Kxe6 19. Bf4 Nfd7 20. Be4 Rac8
21. Qg5 f6 22. Bd5+ Ke7 23. Qxg7+ Ke8 24. Qxh8+ Nf8 25. Re2 Qe7 26. Bxe5 fxe5
27. Rf2 Rc7 28. Kb1 Qg7 29. Bc6+ Kd8 30. Rxf8+ Qxf8 31. Qxf8#  1-0

[Event "Campeonato Panamericano U20 Femenino El Salvador 2015"]
[Site "Palacio de los Deportes, Federacion Salvadoreña de Ajedrez"]
[Date "2015.07.16"]
[Round "1"]
[Board "7"]
[White "Herrera, Marjorie"]
[Black "Granados Diaz, Maria Esther"]
[Result "0-1"]
[WhiteElo "1555"]
[BlackElo "1838"]
[PlyCount "48"]
[EventDate "2015.07.16"]
[EventRounds "9"]
[EventCountry "ESA"]

1. e4 Nf6 2. Nc3 d5 3. e5 d4 4. Nb5 Ng4 5. f4 Nc6 6. Nf3 Nh6 7. d3 e6 8. c3 Nf5
9. cxd4 a6 10. Nc3 Nfxd4 11. Be2 Bc5 12. Ne4 Ba7 13. a3 O-O 14. b4 Ne7 15. Bb2
Nef5 16. Bc1 Bd7 17. Nc5 Bc6 18. O-O Nxf3+ 19. Bxf3 Qd4+ 20. Kh1 Qxa1 21. Bxc6
bxc6 22. Qe2 Nd4 23. Qg4 Bxc5 24. bxc5 Nb3  0-1

[Event "Campeonato Panamericano U20 Femenino El Salvador 2015"]
[Site "Palacio de los Deportes, Federacion Salvadoreña de Ajedrez"]
[Date "2015.07.16"]
[Round "1"]
[Board "8"]
[White "Cosme Contreras, Trilce"]
[Black "Santos, Judith"]
[Result "1-0"]
[WhiteElo "1755"]
[BlackElo "1550"]
[PlyCount "101"]
[EventDate "2015.07.16"]
[EventRounds "9"]
[EventCountry "ESA"]

1. c4 c5 2. Nc3 d6 3. g3 g6 4. Bg2 Bg7 5. d3 Nf6 6. e4 Nc6 7. Nge2 O-O 8. O-O
e5 9. h3 Be6 10. f4 Qd7 11. g4 exf4 12. Bxf4 Ne8 13. Qd2 Nd4 14. Nxd4 Bxd4+ 15.
Kh1 Bg7 16. Bh6 a6 17. Nd5 Bxd5 18. cxd5 b5 19. Bxg7 Kxg7 20. d4 cxd4 21. Qxd4+
f6 22. g5 Qe7 23. Rac1 Qe5 24. gxf6+ Rxf6 25. Qxe5 dxe5 26. Rxf6 Kxf6 27. Kh2
Rd8 28. a4 bxa4 29. Ra1 Rb8 30. Rxa4 Rxb2 31. Rxa6+ Ke7 32. Re6+ Kd7 33. Rxe5
Rb6 34. h4 h6 35. Bh3+ Kd8 36. Re6 Rxe6 37. Bxe6 Ke7 38. e5 g5 39. hxg5 hxg5
40. Kg3 Ng7 41. Bg4 Ne8 42. Kf3 Ng7 43. Ke4 Ne8 44. Kd4 Ng7 45. d6+ Kf7 46. Kd5
Ne8 47. Bh5+ Kf8 48. Bxe8 Kxe8 49. e6 g4 50. Ke4 Kd8 51. Kf4  1-0

[Event "Campeonato Panamericano U20 Femenino El Salvador 2015"]
[Site "Palacio de los Deportes, Federacion Salvadoreña de Ajedrez"]
[Date "2015.07.17"]
[Round "2"]
[Board "1"]
[White "Eswaran, Ashritha"]
[Black "Cosme Contreras, Trilce"]
[Result "1/2-1/2"]
[WhiteElo "2095"]
[BlackElo "1755"]
[PlyCount "118"]
[EventDate "2015.07.16"]
[EventRounds "9"]
[EventCountry "ESA"]

1. Nf3 Nf6 2. g3 g6 3. Bg2 Bg7 4. O-O O-O 5. c4 d6 6. d4 Nc6 7. Nc3 a6 8. b3 e5
9. dxe5 dxe5 10. Ba3 Re8 11. Qxd8 Rxd8 12. Ng5 Nd4 13. Be7 Re8 14. Bxf6 Bxf6
15. Nge4 Bd8 16. e3 Ne6 17. Nd5 Kg7 18. Nb4 f5 19. Nc3 e4 20. Rad1 c6 21. Nc2
Bc7 22. b4 a5 23. a3 axb4 24. axb4 Be5 25. Nd4 Ra3 26. Nce2 c5 27. Nb5 Ra4 28.
Rd5 Kf6 29. bxc5 Rxc4 30. Rc1 Rxc1+ 31. Nxc1 Rd8 32. Rxd8 Nxd8 33. f4 exf3 34.
Bxf3 Bd7 35. Nd4 Nc6 36. Ncb3 Be6 37. Nxc6 bxc6 38. Na5 Bd5 39. Kf2 Bc3 40. Nb7
Bxf3 41. Kxf3 Ke5 42. h4 Bb4 43. h5 g5 44. g4 fxg4+ 45. Kxg4 h6 46. Nd8 Bxc5
47. Nxc6+ Kd6 48. Nd8 Ke7 49. Nc6+ Kd6 50. Na5 Kd5 51. Kf3 g4+ 52. Kf4 Bxe3+
53. Kxg4 Bb6 54. Nb3 Be3 55. Kf5 Bg5 56. Na1 Kd6 57. Nc2 Ke7 58. Kg6 Kf8 59.
Kh7 Kf7  1/2-1/2

[Event "Campeonato Panamericano U20 Femenino El Salvador 2015"]
[Site "Palacio de los Deportes, Federacion Salvadoreña de Ajedrez"]
[Date "2015.07.17"]
[Round "2"]
[Board "2"]
[White "Granados Diaz, Maria Esther"]
[Black "Gutierrez Espinosa, Karen"]
[Result "1/2-1/2"]
[WhiteElo "1838"]
[BlackElo "2078"]
[PlyCount "72"]
[EventDate "2015.07.16"]
[EventRounds "9"]
[EventCountry "ESA"]

1. e4 c5 2. Nf3 d6 3. d4 cxd4 4. Nxd4 Nf6 5. Nc3 a6 6. Be2 e6 7. Bg5 Be7 8. f4
h6 9. Bxf6 Bxf6 10. Qd2 O-O 11. O-O-O e5 12. Nf3 exf4 13. Nd5 Nc6 14. Qxf4 Be5
15. Nxe5 dxe5 16. Qg3 Be6 17. Bc4 Qg5+ 18. Qxg5 hxg5 19. Nb6 Bxc4 20. Nxc4 Rad8
21. Rd5 b5 22. Rc5 Nb4 23. Nxe5 Nxa2+ 24. Kb1 Nb4 25. c3 Nd3 26. Nxd3 Rxd3 27.
Rxg5 Re8 28. Re1 Rd2 29. h3 f6 30. Rg3 Rf2 31. Rd1 Rxe4 32. Rd8+ Kh7 33. Rd7
Ree2 34. Rdxg7+ Kh8 35. Rg8+ Kh7 36. R8g7+ Kh8  1/2-1/2

[Event "Campeonato Panamericano U20 Femenino El Salvador 2015"]
[Site "Palacio de los Deportes, Federacion Salvadoreña de Ajedrez"]
[Date "2015.07.17"]
[Round "2"]
[Board "3"]
[White "Jorquera Cabello, Valentina"]
[Black "Garcia, Alcira"]
[Result "1-0"]
[WhiteElo "2005"]
[BlackElo "1725"]
[PlyCount "111"]
[EventDate "2015.07.16"]
[EventRounds "9"]
[EventCountry "ESA"]

1. e4 e5 2. Nf3 Nc6 3. Bc4 Nf6 4. d3 Bc5 5. c3 a6 6. O-O O-O 7. Bb3 d6 8. h3
Be6 9. Nbd2 h6 10. Re1 Qd7 11. Nf1 Bb6 12. Be3 Rfe8 13. Bxb6 cxb6 14. Ng3 Ne7
15. Kh2 Ng6 16. d4 Bxb3 17. Qxb3 b5 18. Rad1 Qc7 19. Kg1 Nf4 20. Nf5 Rad8 21.
a4 Qc4 22. Qxc4 bxc4 23. dxe5 dxe5 24. Nd6 Re6 25. Nxc4 Rxd1 26. Rxd1 Nxe4 27.
Ncxe5 Nc5 28. Rd8+ Kh7 29. Nxf7 Re2 30. N3e5 g5 31. b4 Ne4 32. Rd7 Re1+ 33. Kh2
Nxf2 34. Nxg5+ Kg8 35. Ngf3 Re2 36. Kg3 Nh5+ 37. Kh4 Nf6 38. Rxb7 N2e4 39. g4
Nxc3 40. Ng6 Ncd5 41. Nd4 Rf2 42. Nf5 Rxf5 43. gxf5 Ne3 44. Ne7+ Kf8 45. Kg3
Nc4 46. Kf4 Nh5+ 47. Kf3 Nf6 48. Ng6+ Kg8 49. b5 axb5 50. axb5 Nd6 51. Rb6 Nfe8
52. Kf4 Kf7 53. Rb8 h5 54. b6 Nf6 55. b7 Nd7 56. Rd8  1-0

[Event "Campeonato Panamericano U20 Femenino El Salvador 2015"]
[Site "Palacio de los Deportes, Federacion Salvadoreña de Ajedrez"]
[Date "2015.07.17"]
[Round "2"]
[Board "4"]
[White "Ramirez Gonzalez, Maria Jose"]
[Black "Vazquez Maccarini, Danitza"]
[Result "0-1"]
[WhiteElo "1736"]
[BlackElo "1948"]
[PlyCount "70"]
[EventDate "2015.07.16"]
[EventRounds "9"]
[EventCountry "ESA"]

1. d4 Nf6 2. Nf3 e6 3. Bf4 b6 4. e3 Bb7 5. c4 d6 6. Nc3 Nbd7 7. Be2 Be7 8. h3
O-O 9. O-O a5 10. Qc2 Re8 11. e4 Nh5 12. Bh2 g6 13. Rad1 Bf8 14. e5 d5 15. cxd5
exd5 16. Rfe1 c6 17. Bd3 Ng7 18. Bg3 Ne6 19. Bh4 Nxd4 20. Nxd4 Qxh4 21. e6 Nc5
22. exf7+ Kxf7 23. Nf3 Qf6 24. Be2 Kg8 25. Nd4 Nd7 26. Qd2 Bc5 27. Nf3 Ne5 28.
a3 b5 29. Rf1 Kf8 30. Rde1 Bd6 31. Nxe5 Bxe5 32. Nd1 Qf4 33. Qxf4+ Bxf4 34. Bf3
b4 35. axb4 Ba6  0-1

[Event "Campeonato Panamericano U20 Femenino El Salvador 2015"]
[Site "Palacio de los Deportes, Federacion Salvadoreña de Ajedrez"]
[Date "2015.07.17"]
[Round "2"]
[Board "5"]
[White "Parkhurst Casas, Miriam"]
[Black "Guardado Flores, Diana Beatriz"]
[Result "1/2-1/2"]
[WhiteElo "1869"]
[BlackElo "1683"]
[PlyCount "104"]
[EventDate "2015.07.16"]
[EventRounds "9"]
[EventCountry "ESA"]

1. e4 c5 2. Nf3 d6 3. d4 cxd4 4. Nxd4 Nf6 5. Nc3 Nc6 6. Bg5 e6 7. Qd2 a6 8. Be2
Bd7 9. f3 Be7 10. O-O Qc7 11. Nxc6 Bxc6 12. Kh1 h6 13. Be3 d5 14. exd5 Nxd5 15.
Nxd5 Bxd5 16. c4 Bc6 17. Bg1 Rd8 18. Qc2 O-O 19. Bd3 Bf6 20. Rad1 Qa5 21. b3
Rd7 22. Qe2 Rfd8 23. Bb1 Rd2 24. Rxd2 Rxd2 25. Qe1 Qd8 26. Be3 Rd7 27. Qc1 Be5
28. Qc2 Qh4 29. Qh7+ Kf8 30. Bc5+ Bd6 31. Bxd6+ Rxd6 32. Qh8+ Ke7 33. Qxg7 Qf2
34. Rg1 Rd2 35. Qg3 Qe2 36. h3 Rd1 37. Bh7 Rxg1+ 38. Kxg1 Qxa2 39. Qh4+ Ke8 40.
Qxh6 Qxb3 41. Qf4 Qd1+ 42. Kh2 Ke7 43. Bg8 Be8 44. Qg5+ Kf8 45. Bh7 Qd6+ 46. g3
Bc6 47. Qg8+ Ke7 48. Qg5+ Kf8 49. Qh6+ Ke7 50. Qg5+ Kf8 51. Qg8+ Ke7 52. Qg5+
Kf8  1/2-1/2

[Event "Campeonato Panamericano U20 Femenino El Salvador 2015"]
[Site "Palacio de los Deportes, Federacion Salvadoreña de Ajedrez"]
[Date "2015.07.17"]
[Round "2"]
[Board "6"]
[White "Cruz Lima, Kimberly Esmeralda"]
[Black "Librelato, Kathie Goulart"]
[Result "1/2-1/2"]
[WhiteElo "1718"]
[BlackElo "1842"]
[PlyCount "132"]
[EventDate "2015.07.16"]
[EventRounds "9"]
[EventCountry "ESA"]

1. e4 e5 2. Nf3 Nc6 3. Bb5 a6 4. Ba4 Nf6 5. d3 d6 6. c3 g6 7. h3 Bg7 8. Be3 O-O
9. Nbd2 b5 10. Bc2 Bb7 11. Nf1 d5 12. exd5 Nxd5 13. Qd2 Nxe3 14. Nxe3 Qd7 15.
O-O Rad8 16. Rad1 Rfe8 17. Rfe1 Ne7 18. Qe2 c5 19. a3 Nc6 20. Bb3 Na5 21. Ba2
Qe7 22. Rd2 h5 23. Qd1 Bc6 24. Qe2 Bh6 25. Rdd1 Rd7 26. Nc2 Bg7 27. Qe3 e4 28.
Qf4 Qf6 29. Qxf6 Bxf6 30. dxe4 Rxd1 31. Rxd1 Bxe4 32. Ne3 Bxf3 33. gxf3 Bg5 34.
Rd7 c4 35. Nd1 Re1+ 36. Kg2 Nc6 37. Bb1 Ne5 38. Rd4 Nd3 39. Bxd3 Rxd1 40. Be4
Rxd4 41. cxd4 a5 42. Bc6 b4 43. axb4 axb4 44. Bd5 c3 45. bxc3 bxc3 46. Bb3 Kf8
47. Kf1 Ke7 48. Ke2 Bd2 49. Kd3 g5 50. Ke4 f6 51. Kf5 Be1 52. f4 g4 53. hxg4 h4
54. g5 fxg5 55. Kg4 gxf4 56. Kxh4 Bxf2+ 57. Kg4 Be3 58. Kf3 Kd6 59. Ke4 Kc6 60.
Kd3 Kb5 61. Ke4 Kb4 62. Bd1 Ka3 63. d5 Kb2 64. d6 Kc1 65. Bg4 Bb6 66. Kxf4 c2
 1/2-1/2

[Event "Campeonato Panamericano U20 Femenino El Salvador 2015"]
[Site "Palacio de los Deportes, Federacion Salvadoreña de Ajedrez"]
[Date "2015.07.17"]
[Round "2"]
[Board "7"]
[White "Castro, Venus Sabrina"]
[Black "Natareno, Elvia"]
[Result "0-1"]
[WhiteElo "1556"]
[BlackElo "1675"]
[PlyCount "108"]
[EventDate "2015.07.16"]
[EventRounds "9"]
[EventCountry "ESA"]

1. d4 d5 2. Nf3 Nf6 3. g3 Bf5 4. Bg2 e6 5. O-O Bd6 6. c4 dxc4 7. Nc3 O-O 8. Nh4
c6 9. e4 Bg4 10. f3 Bh5 11. e5 Bxe5 12. dxe5 Qb6+ 13. Kh1 Nfd7 14. Re1 h6 15.
g4 Bg6 16. Nxg6 fxg6 17. Qc2 Kh7 18. h4 Qd8 19. h5 Qh4+ 20. Kg1 Qxe1+ 21. Kh2
Qxe5+ 22. f4 Qf6 23. Ne4 Qh4+ 24. Bh3 Nf6 25. hxg6+ Kh8 26. Nxf6 Qxf6 27. Be3
Na6 28. Kg3 Nb4 29. Qxc4 Nd5 30. Qe4 Qxb2 31. Rb1 Qe2 32. Rb3 Qxa2 33. Rxb7 Qe2
34. Rb3 Rab8 35. Ra3 Qe1+ 36. Kf3 Rb2 37. Bd4 Qh1+ 38. Kg3 Qh2+ 39. Kh4 Re2 40.
Bg1 Qxh3+ 41. Rxh3 Rxe4 42. Rb3 a5 43. Bc5 Rg8 44. Rh3 Nxf4 45. Rh2 Nxg6+ 46.
Kg3 Ne5 47. Bd6 Rxg4+ 48. Kh3 Rg5 49. Re2 Nc4 50. Rxe6 Nxd6 51. Rxd6 c5 52. Rc6
Re8 53. Kh4 Re1 54. Kh3 Rh1#  0-1

[Event "Campeonato Panamericano U20 Femenino El Salvador 2015"]
[Site "Palacio de los Deportes, Federacion Salvadoreña de Ajedrez"]
[Date "2015.07.17"]
[Round "2"]
[Board "8"]
[White "Ortez, Andrea"]
[Black "Herrera, Marjorie"]
[Result "1/2-1/2"]
[WhiteElo "1671"]
[BlackElo "1555"]
[PlyCount "55"]
[EventDate "2015.07.16"]
[EventRounds "9"]
[EventCountry "ESA"]

1. e4 e5 2. Nf3 Nc6 3. Bc4 Bc5 4. c3 Nf6 5. Qe2 O-O 6. Bb3 d5 7. d3 h6 8. h3 a6
9. Nbd2 b5 10. Bc2 b4 11. O-O Nh5 12. exd5 Ng3 13. Qe1 Nxf1 14. Nxf1 Qxd5 15.
Ne3 Qd8 16. Nc4 Re8 17. Qe4 Bd7 18. Bd2 Re6 19. Re1 Rg6 20. Ncxe5 Nxe5 21. Nxe5
Rf6 22. d4 Bf5 23. Qe3 Bxc2 24. dxc5 b3 25. axb3 Bxb3 26. c4 Bc2 27. Bc3 Re6
28. Qe2  1/2-1/2

[Event "Campeonato Panamericano U20 Femenino El Salvador 2015"]
[Site "Palacio de los Deportes, Federacion Salvadoreña de Ajedrez"]
[Date "2015.07.17"]
[Round "3"]
[Board "1"]
[White "Vazquez Maccarini, Danitza"]
[Black "Jorquera Cabello, Valentina"]
[Result "0-1"]
[WhiteElo "1948"]
[BlackElo "2005"]
[PlyCount "69"]
[EventDate "2015.07.16"]
[EventRounds "9"]
[EventCountry "ESA"]

1. e4 c5 2. Nf3 d6 3. d4 cxd4 4. Qxd4 Nc6 5. Bb5 e5 6. Qd3 h6 7. c4 a6 8. Bxc6+
bxc6 9. h3 Nf6 10. Nc3 Qc7 11. O-O a5 12. b3 Be6 13. Bb2 Be7 14. Rac1 O-O 15.
Nd5 Bxd5 16. cxd5 c5 17. Rfd1 Rfd8 18. Rc4 Qb6 19. Ra4 Nd7 20. Nd2 Rdb8 21. Bc3
Qd8 22. Nc4 Rb4 23. Qd2 Rxa4 24. bxa4 Nb6 25. Nb2 Qd7 26. Bxa5 Nxa4 27. Nc4 Qb5
28. Rc1 Bg5 29. Nxd6 Bxd2 30. Nxb5 Bxc1 31. Bc7 c4 32. Bxe5 Bb2 33. Bc7 c3 34.
Nxc3 Bxc3 35. d6  0-1

[Event "Campeonato Panamericano U20 Femenino El Salvador 2015"]
[Site "Palacio de los Deportes, Federacion Salvadoreña de Ajedrez"]
[Date "2015.07.17"]
[Round "3"]
[Board "2"]
[White "Guardado Flores, Diana Beatriz"]
[Black "Eswaran, Ashritha"]
[Result "0-1"]
[WhiteElo "1683"]
[BlackElo "2095"]
[PlyCount "122"]
[EventDate "2015.07.16"]
[EventRounds "9"]
[EventCountry "ESA"]

1. e4 c5 2. Nf3 d6 3. d4 cxd4 4. Nxd4 Nf6 5. Nc3 g6 6. Bg5 Bg7 7. Bb5+ Bd7 8.
Qe2 Bxb5 9. Qxb5+ Qd7 10. Qxd7+ Nbxd7 11. O-O-O h6 12. Be3 Ng4 13. Nd5 Nxe3 14.
Nxe3 O-O 15. Nb3 Rfd8 16. f3 a6 17. Kb1 b5 18. Nd4 Rdc8 19. Nd5 Kf8 20. Rhe1 e6
21. Ne3 Nb6 22. b3 Ke7 23. f4 b4 24. g4 Bf6 25. Ne2 a5 26. f5 a4 27. Nd4 Rc5
28. Ne2 Rca5 29. Nc1 Bc3 30. Re2 Re5 31. Ng2 d5 32. fxe6 Rxe4 33. Rxe4 dxe4 34.
exf7 Kxf7 35. Rf1+ Kg7 36. Ne2 Nd5 37. Ngf4 Ne3 38. Ne6+ Kg8 39. Rf4 Re8 40.
Nxc3 bxc3 41. Rxe4 Nxg4 42. Rxg4 Rxe6 43. Rg1 a3 44. Kc1 Kg7 45. Kd1 Rd6+ 46.
Kc1 Rd2 47. Rh1 Kf6 48. b4 Ke5 49. b5 Kd5 50. Rd1 Rxd1+ 51. Kxd1 Kc5 52. b6
Kxb6 53. Ke2 Kc5 54. Kd3 Kb4 55. Kd4 g5 56. Ke4 Kc4 57. Kf5 Kd4 58. Kg6 Ke3 59.
Kxh6 Kd2 60. Kxg5 Kxc2 61. h4 Kb2  0-1

[Event "Campeonato Panamericano U20 Femenino El Salvador 2015"]
[Site "Palacio de los Deportes, Federacion Salvadoreña de Ajedrez"]
[Date "2015.07.17"]
[Round "3"]
[Board "3"]
[White "Gutierrez Espinosa, Karen"]
[Black "Cruz Lima, Kimberly Esmeralda"]
[Result "1/2-1/2"]
[WhiteElo "2078"]
[BlackElo "1718"]
[PlyCount "95"]
[EventDate "2015.07.16"]
[EventRounds "9"]
[EventCountry "ESA"]

1. e4 e5 2. Nf3 Nc6 3. Bb5 d6 4. d4 exd4 5. Nxd4 Bd7 6. Bxc6 bxc6 7. Nc3 Be7 8.
O-O Nf6 9. b3 O-O 10. Bb2 Re8 11. Qf3 a6 12. Rfe1 Bf8 13. e5 dxe5 14. Nxc6 e4
15. Nxd8 exf3 16. Nb7 a5 17. Rxe8 Bxe8 18. Na4 Bxa4 19. bxa4 fxg2 20. Kxg2 Ne8
21. Bc3 Bb4 22. Bxb4 axb4 23. Nc5 Ra5 24. Re1 Nd6 25. Nb7 Ra8 26. Nxd6 cxd6 27.
Rd1 Rxa4 28. Rxd6 f6 29. Rd4 Rxa2 30. Rxb4 Rxc2 31. Rb7 h6 32. Ra7 Kh7 33. Rb7
Kg6 34. Ra7 Rc8 35. Rb7 Rf8 36. Ra7 Rf7 37. Ra5 f5 38. Rb5 h5 39. h4 Rf6 40.
Kg3 Kh6 41. Kf4 g6 42. Rb7 Rc6 43. f3 Rc4+ 44. Kg3 Rd4 45. Ra7 Rd6 46. Kf4 Rc6
47. Ra4 Rc5 48. Rb4  1/2-1/2

[Event "Campeonato Panamericano U20 Femenino El Salvador 2015"]
[Site "Palacio de los Deportes, Federacion Salvadoreña de Ajedrez"]
[Date "2015.07.17"]
[Round "3"]
[Board "4"]
[White "Cosme Contreras, Trilce"]
[Black "Parkhurst Casas, Miriam"]
[Result "0-1"]
[WhiteElo "1755"]
[BlackElo "1869"]
[PlyCount "140"]
[EventDate "2015.07.16"]
[EventRounds "9"]
[EventCountry "ESA"]

1. c4 Nf6 2. Nc3 e6 3. Nf3 Be7 4. d4 d6 5. e4 Nc6 6. Be2 e5 7. d5 Nb8 8. O-O a5
9. a3 O-O 10. Rb1 c6 11. Qc2 c5 12. b4 axb4 13. axb4 cxb4 14. Rxb4 Na6 15. Rb2
Nc5 16. Be3 b6 17. Rfb1 Nfd7 18. Rb4 Ba6 19. Na4 Nxa4 20. Rxa4 Qc7 21. Rab4
Rfb8 22. Qb2 Bd8 23. Nd2 Bc8 24. Bg4 Nc5 25. Bxc8 Nd3 26. Qb3 Nxb4 27. Qxb4
Rxc8 28. Bxb6 Qxb6 29. Qxb6 Bxb6 30. Rxb6 Rxc4 31. Rxd6 Rc1+ 32. Nf1 g6 33. Rc6
Rxc6 34. dxc6 Rc8 35. Ne3 Rxc6 36. f3 Kg7 37. g4 Rb6 38. Kg2 Rb2+ 39. Kg3 f6
40. h4 h5 41. gxh5 gxh5 42. Nf5+ Kg6 43. Ne7+ Kf7 44. Nf5 Rb8 45. Kh3 Rb1 46.
Kg2 Rb2+ 47. Kg3 Rd2 48. Kh3 Rd7 49. Kg3 Ke8 50. Kf2 Kd8 51. Ng3 Rh7 52. Ke3
Kd7 53. Kd3 Ke6 54. Ke3 Rb7 55. Kf2 Rh7 56. Ke3 Kd6 57. Kd3 Kc5 58. Ke3 Kc4 59.
f4 Kc3 60. Ne2+ Kc2 61. fxe5 fxe5 62. Ng1 Rg7 63. Nf3 Rg3 64. Kf2 Rxf3+ 65.
Kxf3 Kd3 66. Kf2 Kxe4 67. Ke2 Kf4 68. Kf2 Kg4 69. Ke3 Kxh4 70. Ke4 Kg3  0-1

[Event "Campeonato Panamericano U20 Femenino El Salvador 2015"]
[Site "Palacio de los Deportes, Federacion Salvadoreña de Ajedrez"]
[Date "2015.07.17"]
[Round "3"]
[Board "5"]
[White "Librelato, Kathie Goulart"]
[Black "Granados Diaz, Maria Esther"]
[Result "1-0"]
[WhiteElo "1842"]
[BlackElo "1838"]
[PlyCount "89"]
[EventDate "2015.07.16"]
[EventRounds "9"]
[EventCountry "ESA"]

1. e4 c5 2. Nf3 Nc6 3. d4 cxd4 4. Nxd4 g6 5. c4 Bg7 6. Be3 d6 7. Nc3 Nf6 8. Be2
O-O 9. O-O Ne5 10. f3 Bd7 11. Rc1 a6 12. Qd2 Rc8 13. Rfd1 h5 14. Nc2 Qa5 15.
Bd4 Nc6 16. Bf2 Nh7 17. Nd5 Qxa2 18. b4 a5 19. b5 Nb4 20. Ndxb4 axb4 21. Qxb4
Bh6 22. Ra1 Qxc2 23. Bd3 Rxc4 24. Qxc4 Qxc4 25. Bxc4 Rc8 26. Bd3 Rc3 27. Ra7
Bc8 28. Bd4 Rc7 29. b6 Rc6 30. Bb5 Rc2 31. Ba4 Rc4 32. Kf1 Nf8 33. Bb3 Rb4 34.
Bd5 Bd7 35. Bxb7 Bb5+ 36. Ke1 e5 37. Ba1 Rb3 38. Rxd6 Re3+ 39. Kd1 Be2+ 40. Kc2
Bf1 41. Bc6 Bxg2 42. b7 Re1 43. Bb2 Bxf3 44. b8=Q Bxe4+ 45. Kb3  1-0